000 00641nam a22001337a 4500
040 _cRUA
082 _aFOR SO 2010 B139 Or.1
100 _aSO, VISOTH.
245 _aStudy on weld elephant situation of prey long area at sandan district kampong thom province, សិក្សាពីស្ថានភាពដំរីព្រៃក្នុងតំបន់ព្រៃឡង់ស្រុកសណ្ដាន់ ខេត្តកំពង់ធំ
260 _aPhnom Penh
_bRUA
_c2010
300 _aix; 45p.
_bill.
_c29cm.
856 _uhttps://drive.google.com/file/d/1Shgjr6TON2HMIa_ndRJNsBnvAzI1Szwi/view?usp=sharing
942 _cFOR
999 _c3395
_d3395